<?xml version="1.0" encoding="UTF-8"?>
<record
    xmlns:xsi="http://www.w3.org/2001/XMLSchema-instance"
    xsi:schemaLocation="http://www.loc.gov/MARC21/slim http://www.loc.gov/standards/marcxml/schema/MARC21slim.xsd"
    xmlns="http://www.loc.gov/MARC21/slim">

  <leader>01218nab a2200289 uc4500</leader>
  <controlfield tag="001">803035</controlfield>
  <controlfield tag="005">20240201184942.0</controlfield>
  <controlfield tag="008">030329e20030130                    eng  </controlfield>
  <datafield tag="035" ind1=" " ind2=" ">
    <subfield code="a">803035</subfield>
  </datafield>
  <datafield tag="035" ind1=" " ind2=" ">
    <subfield code="a">(OCoLC)820015917</subfield>
  </datafield>
  <datafield tag="040" ind1=" " ind2=" ">
    <subfield code="c">comduadb</subfield>
  </datafield>
  <datafield tag="041" ind1=" " ind2=" ">
    <subfield code="a">eng</subfield>
  </datafield>
  <datafield tag="100" ind1="1" ind2="0">
    <subfield code="a">Sierra Romero, Gustavo Adolfo</subfield>
    <subfield code="4">aut</subfield>
    <subfield code="e">aut</subfield>
    <subfield code="9">371883</subfield>
  </datafield>
  <datafield tag="245" ind1="1" ind2="0">
    <subfield code="a">High frequency of skin reactions in patients with leishmaniasis treated with meglumine antimoniate contaminated with heavy metals. A comparative approach using historical controls</subfield>
  </datafield>
  <datafield tag="650" ind1=" " ind2=" ">
    <subfield code="a">Leishmaniasis cut&#xE1;nea</subfield>
    <subfield code="9">73657</subfield>
  </datafield>
  <datafield tag="650" ind1=" " ind2=" ">
    <subfield code="a">Tratamiento con drogas</subfield>
    <subfield code="9">58722</subfield>
  </datafield>
  <datafield tag="650" ind1=" " ind2=" ">
    <subfield code="a">Metales pesados</subfield>
    <subfield code="9">41521</subfield>
  </datafield>
  <datafield tag="650" ind1=" " ind2=" ">
    <subfield code="a">Ars&#xE9;nico</subfield>
    <subfield code="9">25186</subfield>
  </datafield>
  <datafield tag="650" ind1=" " ind2=" ">
    <subfield code="a">Plomo</subfield>
    <subfield code="9">49905</subfield>
  </datafield>
  <datafield tag="650" ind1=" " ind2=" ">
    <subfield code="a">Contaminaci&#xF3;n por metales pesados</subfield>
    <subfield code="9">48567</subfield>
  </datafield>
  <datafield tag="650" ind1=" " ind2="7">
    <subfield code="a">Efectos colaterales y reacciones adversas relacionados con medicamentos</subfield>
    <subfield code="2">dcs</subfield>
    <subfield code="9">211387</subfield>
  </datafield>
  <datafield tag="700" ind1="1" ind2="0">
    <subfield code="a">Flores, Erico Marlon de Moraes</subfield>
    <subfield code="4">aut</subfield>
    <subfield code="e">aut</subfield>
    <subfield code="9">371884</subfield>
  </datafield>
  <datafield tag="700" ind1="1" ind2="0">
    <subfield code="a">Noronha, Elza Ferreira</subfield>
    <subfield code="4">aut</subfield>
    <subfield code="e">aut</subfield>
    <subfield code="9">371885</subfield>
  </datafield>
  <datafield tag="700" ind1="1" ind2="0">
    <subfield code="a">Macedo, Vanize de Oliveira</subfield>
    <subfield code="4">aut</subfield>
    <subfield code="e">aut</subfield>
    <subfield code="9">371886</subfield>
  </datafield>
  <datafield tag="773" ind1="0" ind2=" ">
    <subfield code="t">Memorias do Instituto Oswaldo Cruz (Rio de Janeiro)</subfield>
    <subfield code="g">Vol. 098, No. 01, Ene. 2003, p. 145-149</subfield>
    <subfield code="w">280998</subfield>
    <subfield code="x">0074-0276</subfield>
    <subfield code="0">96126</subfield>
  </datafield>
  <datafield tag="942" ind1=" " ind2=" ">
    <subfield code="c">ARIMP</subfield>
  </datafield>
  <datafield tag="999" ind1=" " ind2=" ">
    <subfield code="c">274918</subfield>
    <subfield code="d">274918</subfield>
  </datafield>
</record>
